<?xml version="1.0" encoding="UTF-8"?><?xml-stylesheet type="text/xsl" href="static/style.xsl"?><OAI-PMH xmlns="http://www.openarchives.org/OAI/2.0/" xmlns:xsi="http://www.w3.org/2001/XMLSchema-instance" xsi:schemaLocation="http://www.openarchives.org/OAI/2.0/ http://www.openarchives.org/OAI/2.0/OAI-PMH.xsd"><responseDate>2026-04-17T13:53:28Z</responseDate><request verb="GetRecord" identifier="oai:riubu.ubu.es:10259/11291" metadataPrefix="marc">https://riubu.ubu.es/oai/request</request><GetRecord><record><header><identifier>oai:riubu.ubu.es:10259/11291</identifier><datestamp>2026-01-27T01:05:59Z</datestamp><setSpec>com_10259.4_2520</setSpec><setSpec>com_10259_5086</setSpec><setSpec>com_10259_2604</setSpec><setSpec>col_10259.4_2521</setSpec></header><metadata><record xmlns="http://www.loc.gov/MARC21/slim" xmlns:doc="http://www.lyncode.com/xoai" xmlns:xsi="http://www.w3.org/2001/XMLSchema-instance" xmlns:dcterms="http://purl.org/dc/terms/" xsi:schemaLocation="http://www.loc.gov/MARC21/slim http://www.loc.gov/standards/marcxml/schema/MARC21slim.xsd">
<leader>00925njm 22002777a 4500</leader>
<datafield tag="042" ind1=" " ind2=" ">
<subfield code="a">dc</subfield>
</datafield>
<datafield tag="720" ind1=" " ind2=" ">
<subfield code="a">Carrillo Pérez, Celia</subfield>
<subfield code="e">author</subfield>
</datafield>
<datafield tag="720" ind1=" " ind2=" ">
<subfield code="a">Tomasevic, Igor B.</subfield>
<subfield code="e">author</subfield>
</datafield>
<datafield tag="720" ind1=" " ind2=" ">
<subfield code="a">Barba, Francisco J.</subfield>
<subfield code="e">author</subfield>
</datafield>
<datafield tag="720" ind1=" " ind2=" ">
<subfield code="a">Kamiloglu, Senem</subfield>
<subfield code="e">author</subfield>
</datafield>
<datafield tag="260" ind1=" " ind2=" ">
<subfield code="c">2023-09</subfield>
</datafield>
<datafield tag="520" ind1=" " ind2=" ">
<subfield code="a">The health-related properties attributed to berries and the subsequent interest awakened within the market of functional foods mean that these small fruits may be potential targets for food fraud. In this review, studies on berry authentication through modern analytical techniques are discussed in detail. Most of the studies reported to date are related to chemical approaches, mainly chromatographic techniques. Other chemical (NMR, NIR, and Raman spectroscopy), biomolecular, and isotopic methods have also delivered promising results in the field of berry authentication, although there is still limited information available in this respect. Despite the potential of the methods described in the present review, to date, there is no universal one. Therefore, combinations of different approaches in order to complement each other are increasingly used (e.g., HPTLC and mass spectrometry; Raman and IR spectroscopies; biomolecular and analytical techniques…). Considering that adulteration practices are increasingly evolving, continuous research in the field of food authentication is needed, especially in the case of berries, since there are still some berry species that have not yet been included in any authentication study.</subfield>
</datafield>
<datafield tag="024" ind2=" " ind1="8">
<subfield code="a">https://hdl.handle.net/10259/11291</subfield>
</datafield>
<datafield tag="024" ind2=" " ind1="8">
<subfield code="a">10.3390/chemosensors11090500</subfield>
</datafield>
<datafield tag="024" ind2=" " ind1="8">
<subfield code="a">2227-9040</subfield>
</datafield>
<datafield ind1=" " ind2=" " tag="653">
<subfield code="a">Berries</subfield>
</datafield>
<datafield ind1=" " ind2=" " tag="653">
<subfield code="a">Authenticity</subfield>
</datafield>
<datafield ind1=" " ind2=" " tag="653">
<subfield code="a">Geographical origin</subfield>
</datafield>
<datafield ind1=" " ind2=" " tag="653">
<subfield code="a">Fingerprinting</subfield>
</datafield>
<datafield ind1=" " ind2=" " tag="653">
<subfield code="a">Chemometrics</subfield>
</datafield>
<datafield tag="245" ind1="0" ind2="0">
<subfield code="a">Modern Analytical Techniques for Berry Authentication</subfield>
</datafield>
</record></metadata></record></GetRecord></OAI-PMH>